| 000 | 02234nam0a2200373 4500 | ||
|---|---|---|---|
| 001 | RU\NLR\BIBL_A\022636627 | ||
| 005 | 20251121163209.0 | ||
| 021 |
_aRU _bКН-П-25-049677 _9КН-П-25-4803 |
||
| 035 | _a(NLR Aleph) 022636627 | ||
| 090 |
_a13466006 _c13466006 |
||
| 100 | _a20251006d2025 u y0rusy50 ca | ||
| 101 | 0 | _arus | |
| 102 | _aRU | ||
| 105 | _ay j 000zy | ||
| 181 | 0 |
_ai4 _baxxe |
|
| 182 | 0 | _an | |
| 200 | 1 |
_aАдминистративное право _eучебник _fЮрковский А. В., Евдокимов К. Н., Иванова Е. Л. [и др.] _gпод редакцией А. В. Юрковского _gУниверситет прокуратуры Российской Федерации, Иркутский юридический институт (филиал) |
|
| 203 |
_aТекст _bвизуальный _cнепосредственный |
||
| 210 |
_aИркутск _cИркутский юридический институт (филиал) Университета прокуратуры Российской Федерации _d2025 |
||
| 215 |
_a469 с. _d22 |
||
| 300 | _aАвт. указаны на обороте тит. л. | ||
| 300 | _aНа обороте тит. л. авт.: Юрковский А. В., канд. юрид. наук, доц., Евдокимов К. Н., д-р юрид. наук, доц., Иванова Е. Л., канд. юрид. наук, доц. | ||
| 320 | _aБиблиогр.: с. 456-469 | ||
| 606 | 1 |
_aАдминистративное право _jУчебники для высших учебных заведений _yРоссийская Федерация _92077672 _3RU\NLR\AUTH\661253353 |
|
| 686 | 1 | _aХ621я73 | |
| 701 | 1 |
_aЮрковский _bА. В. _gАлексей Владимирович |
|
| 701 | 1 |
_aЕвдокимов _bК. Н. _gКонстантин Николаевич |
|
| 701 | 1 |
_7ca _8rus _aИванова _bЕ. Л. _cюрист _gЕлена Леонидовна _991126 _3RU\NLR\AUTH\77108201 |
|
| 712 | 0 | 2 |
_4475 _aИркутский юридический институт _9554581 _3RU\NLR\AUTH\8810028037 |
| 942 | _cBOOK | ||
| 980 | _aNB | ||